000 00409nam a22001577a 4500
005 20241025141209.0
008 241025b |||||||| |||| 00| 0 eng d
020 _a9780414055711
050 _aKD1641.K4
_b1
245 _aKeating On Construction Contracts
250 _aThenth
260 _aLondon
_bSweet & Maxwell
_c2016
300 _acxcvii, 1237 pages.
_bIndex
_c24 cm
650 _2Law
942 _2lcc
_cBK
_n0
999 _c198
_d198